[Event "RSA-chT Inter Provincial"]
[Site "Bloemfontein"]
[Date "2017.09.02"]
[Round "4.2"]
[White "Mosetlhe, Kgaugelo"]
[Black "Khoza, Mayibongwe"]
[Result "1-0"]
[WhiteElo "2189"]
[BlackElo "1644"]
[PlyCount "98"]
[EventDate "2017.08.31"]
[EventType "team-swiss"]
[EventRounds "6"]
[EventCountry "RSA"]
[SourceTitle "CBM 180 Extra"]
[Source "ChessBase"]
[SourceDate "2017.10.06"]
[SourceVersion "1"]
[SourceVersionDate "2017.10.06"]
[SourceQuality "1"]
[WhiteTeam "Gauteng"]
[BlackTeam "Mpumalanga"]
[WhiteTeamCountry "RSA"]
[BlackTeamCountry "RSA"]

1. Nf3 Nf6 2. c4 e6 3. g3 Be7 4. Bg2 0-0 5. 0-0 c5 6. d4 d5 7. cxd5 exd5 8. Nc3 h6 9. dxc5 Bxc5 10. Nd4 Nc6 11. Nxc6 bxc6 12. Na4 Be7 13. Be3 Re8 14. Rc1 Bd7 15. Bc5 Bxc5 16. Nxc5 Bg4 17. Re1 Qb6 18. Qc2 Rac8 19. e3 Nd7 20. Nxd7 Bxd7 21. b3 Re5 22. Qc3 Rce8 23. Red1 f6 24. Rd4 a5 25. Qc5 Rb8 26. Bf3 Qxc5 27. Rxc5 Rb5 28. Rxb5 cxb5 29. Rxd5 Rxd5 30. Bxd5+ Kf8 31. a3 Ke7 32. Kf1 Kd6 33. Bg8 Kc5 34. Ke2 Bc6 35. Kd3 Bb7 36. e4 Ba6 37. Ke3 g5 38. f4 Bb7 39. h4 gxh4 40. gxh4 Bc6 41. Bf7 Bb7 42. e5 f5 43. Bg6 Be4 44. b4+ axb4 45. axb4+ Kb6 46. Kd4 Kc7 47. Kc5 Bd3 48. Be8 Kd8 49. Bxb5 Be4 1-0